[Event "11th LCC Super Blitz KO 2019"]
[Site "London"]
[Date "2019.12.08"]
[Round "1.8"]
[White "Speelman, Jon S"]
[Black "Petrov, Martin"]
[Result "1-0"]
[WhiteElo "2509"]
[BlackElo "2497"]
[Annotator "ChessBase"]
[PlyCount "133"]
[EventDate "2019.12.08"]
[EventType "k.o."]
[EventCountry "ENG"]
[SourceTitle "playchess.com"]
[Source "ChessBase"]
[SourceQuality "1"]
[TimeControl "180+2"]

1. Nf3 {[%emt 0:00:00]} c5 {[%emt 0:00:01]} 2. c4 {[%emt 0:00:00]} Nc6 {[%emt 0:00:02]} 3. Nc3 {[%emt 0:00:01]} Nf6 {[%emt 0:00:02]} 4. d4 {[%emt 0:00:00]} cxd4 {[%emt 0:00:02]} 5. Nxd4 {[%emt 0:00:01]} e6 {[%emt 0:00:01]} 6. a3 {[%emt 0:00:01]} Be7 {[%emt 0:00:04]} 7. e4 {[%emt 0:00:04]} O-O {[%emt 0:00:02]} 8. Nf3 {[%emt 0:00:04]} Qc7 {[%emt 0:00:05]} 9. Bd3 {[%emt 0:00:03]} Ng4 {[%emt 0:00:02]} 10. h3 {[%emt 0:00:29]} Nge5 {[%emt 0:00:01]} 11. Nxe5 {[%emt 0:00:03]} Nxe5 {[%emt 0:00:02]} 12. Qe2 {[%emt 0:00:04]} b6 {[%emt 0:00:15]} 13. Be3 {[%emt 0:00:16]} Bb7 {[%emt 0:00:04]} 14. Rc1 {[%emt 0:00:03]} Rac8 {[%emt 0:00:06]} 15. Nb5 {[%emt 0:00:04]} Qb8 {[%emt 0:00:02]} 16. O-O {[%emt 0:00:04]} Nxd3 {[%emt 0:00:17]} 17. Qxd3 {[%emt 0:00:02]} Rfd8 {[%emt 0:00:01]} 18. Rfd1 {[%emt 0:00:10]} d5 {[%emt 0:00:05]} 19. cxd5 {[%emt 0:00:14]} exd5 {[%emt 0:00:18]} 20. Rxc8 {[%emt 0:00:06]} Qxc8 {[%emt 0:00:12]} 21. Nxa7 {[%emt 0:00:07]} Qe6 {[%emt 0:00:28]} 22. Nb5 {[%emt 0:00:28]} Qxe4 {[%emt 0:00:09]} 23. Bxb6 {[%emt 0:00:09]} Qxd3 {[%emt 0:00:25]} 24. Rxd3 {[%emt 0:00:01]} Rb8 {[%emt 0:00:00]} 25. Ba7 {[%emt 0:00:05]} Ra8 {[%emt 0:00:19]} 26. Be3 {[%emt 0:00:12]} f6 {[%emt 0:00:25]} 27. Nc3 {[%emt 0:00:04]} Rd8 {[%emt 0:00:03]} 28. Bd4 {[%emt 0:00:06]} Kf7 {[%emt 0:00:00]} 29. b4 {[%emt 0:00:03]} Ra8 {[%emt 0:00:05]} 30. Nd1 {[%emt 0:00:09]} Ba6 {[%emt 0:00:00]} 31. Rd2 {[%emt 0:00:03]} Bc4 {[%emt 0:00:01]} 32. Bb2 {[%emt 0:00:02]} f5 {[%emt 0:00:07]} 33. Ne3 {[%emt 0:00:05]} Bg5 {[%emt 0:00:04]} 34. Nxc4 {[%emt 0:00:01]} dxc4 {[%emt 0:00:06]} 35. Rd7+ {[%emt 0:00:00]} Ke6 {[%emt 0:00:01]} 36. Rc7 {[%emt 0:00:02]} Bf6 {[%emt 0:00:03]} 37. Bxf6 {[%emt 0:00:02]} Kxf6 {[%emt 0:00:01]} 38. Rxc4 {[%emt 0:00:02]} Rxa3 {[%emt 0:00:01]} 39. g3 {[%emt 0:00:02]} Rb3 {[%emt 0:00:01]} 40. h4 {[%emt 0:00:01]} g6 {[%emt 0:00:03]} 41. Kg2 {[%emt 0:00:01]} h6 {[%emt 0:00:02]} 42. Kh3 {[%emt 0:00:06]} Rb2 {[%emt 0:00:00]} 43. Kg2 {[%emt 0:00:01]} Rb3 {[%emt 0:00:00]} 44. Rc6+ {[%emt 0:00:01]} Kg7 {[%emt 0:00:00]} 45. Rb6 {[%emt 0:00:01]} Kf7 {[%emt 0:00:00]} 46. b5 {[%emt 0:00:00]} Kg7 {[%emt 0:00:00]} 47. Rb8 {[%emt 0:00:02]} g5 {[%emt 0:00:00]} 48. hxg5 {[%emt 0:00:01]} hxg5 {[%emt 0:00:00]} 49. b6 {[%emt 0:00:02]} Kf7 {[%emt 0:00:00]} 50. Kf1 {[%emt 0:00:01]} Rb2 {[%emt 0:00:00]} 51. Ke1 {[%emt 0:00:01]} Kg6 {[%emt 0:00:16]} 52. b7 {[%emt 0:00:01]} Kg7 {[%emt 0:00:01]} 53. f4 {[%emt 0:00:10]} gxf4 {[%emt 0:00:03]} 54. gxf4 {[%emt 0:00:00]} Kh7 {[%emt 0:00:04]} 55. Kd1 {[%emt 0:00:01]} Kg7 {[%emt 0:00:00]} 56. Kc1 {[%emt 0:00:01]} Rb4 {[%emt 0:00:02]} 57. Kc2 {[%emt 0:00:01]} Kh7 {[%emt 0:00:06]} 58. Kc3 {[%emt 0:00:01]} Rb1 {[%emt 0:00:01]} 59. Kd4 {[%emt 0:00:02]} Rb5 {[%emt 0:00:01]} 60. Kc4 {[%emt 0:00:00]} Rb1 {[%emt 0:00:02]} 61. Kd5 {[%emt 0:00:01]} Kg7 {[%emt 0:00:03]} 62. Ke5 {[%emt 0:00:02]} Rb5+ {[%emt 0:00:01]} 63. Ke6 {[%emt 0:00:00]} Kh7 {[%emt 0:00:01]} 64. Kf6 {[%emt 0:00:01]} Rb6+ {[%emt 0:00:14]} 65. Kxf5 {[%emt 0:00:01]} Rb5+ {[%emt 0:00:01]} 66. Ke4 {[%emt 0:00:01]} Kg7 {[%emt 0:00:02]} 67. f5 {[%emt 0:00:01]} 1-0

[Event "11th LCC Super Blitz KO 2019"]
[Site "London"]
[Date "2019.12.08"]
[Round "1.9"]
[White "Willow, Jonah B"]
[Black "Howell, David W L"]
[Result "0-1"]
[WhiteElo "2355"]
[BlackElo "2676"]
[Annotator "ChessBase"]
[PlyCount "120"]
[EventDate "2019.12.08"]
[EventType "k.o."]
[EventCountry "ENG"]
[SourceTitle "playchess.com"]
[Source "ChessBase"]
[SourceQuality "1"]
[TimeControl "180+2"]

1. e4 {[%emt 0:00:00]} c6 {[%emt 0:00:02]} 2. d4 {[%emt 0:00:00]} d5 {[%emt 0:00:01]} 3. e5 {[%emt 0:00:04]} Bf5 {[%emt 0:00:01]} 4. h4 {[%emt 0:00:02]} c5 {[%emt 0:00:07]} 5. dxc5 {[%emt 0:00:13]} Nc6 {[%emt 0:00:01]} 6. Nf3 {[%emt 0:00:20]} e6 {[%emt 0:00:08]} 7. Be3 {[%emt 0:00:12]} Bg4 {[%emt 0:00:13]} 8. Bb5 {[%emt 0:00:11]} Nge7 {[%emt 0:00:11]} 9. Nbd2 {[%emt 0:00:11]} Nf5 {[%emt 0:00:04]} 10. Bg5 {[%emt 0:00:22]} Qa5 {[%emt 0:00:14]} 11. Bxc6+ {[%emt 0:00:04]} bxc6 {[%emt 0:00:01]} 12. O-O {[%emt 0:00:05]} Qxc5 {[%emt 0:00:08]} 13. c4 {[%emt 0:00:09]} h6 {[%emt 0:00:02]} 14. Bf4 {[%emt 0:00:05]} Nxh4 {[%emt 0:00:33]} 15. cxd5 {[%emt 0:00:19]} Qxd5 {[%emt 0:00:01]} 16. Qa4 {[%emt 0:00:37]} Bxf3 {[%emt 0:00:06]} 17. Nxf3 {[%emt 0:00:03]} Nxf3+ 18. gxf3 {[%emt 0:00:01]} Qxf3 {[%emt 0:00:20]} 19. Rac1 {[%emt 0:00:16]} Qg4+ {[%emt 0:00:31]} 20. Kh2 {[%emt 0:00:05]} Qh4+ {[%emt 0:00:33]} 21. Kg1 {[%emt 0:00:02]} Qg4+ {[%emt 0:00:09]} 22. Kh2 {[%emt 0:00:00]} f6 {[%emt 0:00:12]} 23. Qxc6+ {[%emt 0:00:10]} Kf7 {[%emt 0:00:01]} 24. Qb7+ {[%emt 0:00:05]} Be7 {[%emt 0:00:04]} 25. Bg3 {[%emt 0:00:06]} Rhb8 {[%emt 0:00:01]} 26. Qc6 {[%emt 0:00:04]} fxe5 {[%emt 0:00:02]} 27. Rc4 {[%emt 0:00:04]} Qh5+ {[%emt 0:00:02]} 28. Kg1 {[%emt 0:00:02]} Bf6 {[%emt 0:00:02]} 29. Qd7+ {[%emt 0:00:01]} Kg8 {[%emt 0:00:01]} 30. Qxe6+ {[%emt 0:00:03]} Qf7 {[%emt 0:00:01]} 31. Qc6 {[%emt 0:00:01]} a5 {[%emt 0:00:03]} 32. Re4 {[%emt 0:00:02]} Ra7 {[%emt 0:00:03]} 33. Rfe1 {[%emt 0:00:02]} Rxb2 {[%emt 0:00:02]} 34. Qc8+ {[%emt 0:00:02]} Kh7 {[%emt 0:00:01]} 35. Qf5+ {[%emt 0:00:02]} Qg6 {[%emt 0:00:00]} 36. Qxg6+ {[%emt 0:00:04]} Kxg6 {[%emt 0:00:01]} 37. Bxe5 {[%emt 0:00:01]} Bxe5 {[%emt 0:00:04]} 38. Rxe5 {[%emt 0:00:00]} Rxa2 39. R1e3 {[%emt 0:00:04]} a4 {[%emt 0:00:04]} 40. Rg3+ {[%emt 0:00:02]} Kh7 {[%emt 0:00:01]} 41. Kg2 {[%emt 0:00:02]} a3 {[%emt 0:00:01]} 42. Ree3 {[%emt 0:00:02]} Ra1 {[%emt 0:00:01]} 43. Rb3 {[%emt 0:00:02]} a2 {[%emt 0:00:01]} 44. Ra3 {[%emt 0:00:02]} Rxa3 {[%emt 0:00:02]} 45. Rxa3 {[%emt 0:00:01]} Kg6 {[%emt 0:00:03]} 46. Ra5 {[%emt 0:00:01]} Kf6 {[%emt 0:00:09]} 47. Kf3 {[%emt 0:00:02]} Ke6 {[%emt 0:00:00]} 48. Kf4 {[%emt 0:00:03]} Kd6 {[%emt 0:00:03]} 49. f3 {[%emt 0:00:04]} Ke6 {[%emt 0:00:03]} 50. Ra6+ {[%emt 0:00:01]} Kf7 {[%emt 0:00:01]} 51. Ra7+ {[%emt 0:00:02]} Kg6 {[%emt 0:00:01]} 52. Ra6+ {[%emt 0:00:01]} Kh7 {[%emt 0:00:00]} 53. Ra7 {[%emt 0:00:01]} h5 {[%emt 0:00:01]} 54. Ra5 {[%emt 0:00:01]} Kh6 {[%emt 0:00:03]} 55. Kf5 {[%emt 0:00:02]} Rf1 {[%emt 0:00:05]} 56. Rxa2 {[%emt 0:00:03]} Rxf3+ {[%emt 0:00:01]} 57. Ke4 {[%emt 0:00:01]} Rf6 {[%emt 0:00:01]} 58. Ra8 {[%emt 0:00:01]} Kg5 {[%emt 0:00:01]} 59. Ra5+ {[%emt 0:00:01]} Kg4 {[%emt 0:00:01]} 60. Ra7 {[%emt 0:00:02]} g5 {[%emt 0:00:03]} 0-1

[Event "11th LCC Super Blitz KO 2019"]
[Site "London"]
[Date "2019.12.08"]
[Round "1.10"]
[White "McPhillips, Joseph"]
[Black "Bukojemski, Adam"]
[Result "1-0"]
[WhiteElo "2434"]
[BlackElo "2219"]
[Annotator "NA"]
[PlyCount "113"]
[EventDate "2019.12.08"]
[EventType "k.o."]
[EventCountry "ENG"]
[SourceTitle "playchess.com"]
[Source "ChessBase"]
[SourceQuality "1"]
[TimeControl "180+2"]

1. e4 {[%emt 0:00:00]} c5 {[%emt 0:00:00]} 2. Nf3 {[%emt 0:00:00]} e6 {[%emt 0:00:00]} 3. c3 {[%emt 0:00:01]} Nf6 {[%emt 0:00:01]} 4. Bd3 {[%emt 0:00:01]} Nc6 {[%emt 0:00:01]} 5. Bc2 {[%emt 0:00:02]} d6 {[%emt 0:00:02]} 6. O-O {[%emt 0:00:02]} Be7 {[%emt 0:00:01]} 7. Re1 {[%emt 0:00:01]} O-O {[%emt 0:00:02]} 8. d3 {[%emt 0:00:01]} Rb8 {[%emt 0:00:04]} 9. Nbd2 {[%emt 0:00:02]} b5 {[%emt 0:00:00]} 10. Nf1 {[%emt 0:00:02]} b4 {[%emt 0:00:02]} 11. Ng3 {[%emt 0:00:02]} Re8 {[%emt 0:00:02]} 12. h3 {[%emt 0:00:11]} Bf8 {[%emt 0:00:01]} 13. Bd2 {[%emt 0:00:05]} a5 {[%emt 0:00:07]} 14. Nh2 {[%emt 0:00:03]} e5 {[%emt 0:00:09]} 15. Bg5 {[%emt 0:00:13]} h6 {[%emt 0:00:02]} 16. Bd2 {[%emt 0:00:03]} g6 {[%emt 0:00:03]} 17. Rf1 {[%emt 0:00:08]} Bg7 {[%emt 0:00:02]} 18. Be3 {[%emt 0:00:05]} Ba6 {[%emt 0:00:11]} 19. Qd2 {[%emt 0:00:05]} Kh7 {[%emt 0:00:02]} 20. Ba4 {[%emt 0:00:06]} Bb5 {[%emt 0:00:14]} 21. Bb3 {[%emt 0:00:01]} Qe7 {[%emt 0:00:12]} 22. Rfd1 {[%emt 0:00:19]} a4 {[%emt 0:00:07]} 23. Bc2 {[%emt 0:00:01]} a3 {[%emt 0:00:14]} 24. bxa3 {[%emt 0:00:03]} bxa3 {[%emt 0:00:01]} 25. c4 {[%emt 0:00:11]} Ba6 {[%emt 0:00:01]} 26. Ba4 {[%emt 0:00:01]} Rec8 {[%emt 0:00:02]} 27. Qc3 {[%emt 0:00:11]} Rb4 {[%emt 0:00:17]} 28. Qxa3 {[%emt 0:00:05]} Nd4 {[%emt 0:00:05]} 29. Bxd4 {[%emt 0:00:08]} exd4 {[%emt 0:00:01]} 30. Bb3 {[%emt 0:00:05]} Bb7 {[%emt 0:00:18]} 31. Rf1 {[%emt 0:00:03]} Nd7 {[%emt 0:00:08]} 32. f4 {[%emt 0:00:03]} f5 {[%emt 0:00:13]} 33. Rae1 {[%emt 0:00:07]} fxe4 {[%emt 0:00:01]} 34. Nxe4 {[%emt 0:00:03]} Qf8 {[%emt 0:00:11]} 35. Qc1 {[%emt 0:00:04]} Nf6 {[%emt 0:00:07]} 36. Ng5+ {[%emt 0:00:09]} hxg5 {[%emt 0:00:14]} 37. fxg5 {[%emt 0:00:02]} Rc7 {[%emt 0:00:21]} 38. gxf6 {[%emt 0:00:02]} Bh6 {[%emt 0:00:01]} 39. Qd1 {[%emt 0:00:10]} Be3+ {[%emt 0:00:05]} 40. Kh1 {[%emt 0:00:01]} Rf7 {[%emt 0:00:02]} 41. Ng4 {[%emt 0:00:02]} Bg5 {[%emt 0:00:02]} 42. Qe2 {[%emt 0:00:13]} Bc6 {[%emt 0:00:11]} 43. Qf2 {[%emt 0:00:11]} Qh8 {[%emt 0:00:10]} 44. Qg3 {[%emt 0:00:08]} Rb6 {[%emt 0:00:02]} 45. Ne5 {[%emt 0:00:08]} dxe5 {[%emt 0:00:08]} 46. Qxg5 {[%emt 0:00:01]} Kg8 {[%emt 0:00:06]} 47. Qxg6+ {[%emt 0:00:03]} Kf8 48. Qf5 {[%emt 0:00:12]} Bb7 {[%emt 0:00:05]} 49. Kg1 {[%emt 0:00:23]} Rbxf6 {[%emt 0:00:01]} 50. Qg4 {[%emt 0:00:02]} Rxf1+ {[%emt 0:00:02]} 51. Rxf1 {[%emt 0:00:01]} Rxf1+ {[%emt 0:00:01]} 52. Kxf1 {[%emt 0:00:01]} Qf6+ {[%emt 0:00:00]} 53. Kg1 {[%emt 0:00:01]} Qh6 {[%emt 0:00:02]} 54. Qf5+ {[%emt 0:00:02]} Kg8 {[%emt 0:00:01]} 55. Qxe5 {[%emt 0:00:03]} Qc1+ {[%emt 0:00:01]} 56. Kh2 {[%emt 0:00:01]} Qh6 {[%emt 0:00:04]} 57. Qe8+ {[%emt 0:00:02]} 1-0

[Event "11th LCC Super Blitz KO 2019"]
[Site "London"]
[Date "2019.12.08"]
[Round "1.11"]
[White "Flear, Glenn C"]
[Black "Harvey, Marcus R"]
[Result "1/2-1/2"]
[WhiteElo "2440"]
[BlackElo "2412"]
[Annotator "NA"]
[PlyCount "62"]
[EventDate "2019.12.08"]
[EventType "k.o."]
[EventCountry "ENG"]
[SourceTitle "playchess.com"]
[Source "ChessBase"]
[SourceQuality "1"]
[TimeControl "180+2"]

1. d4 {[%emt 0:00:00]} Nf6 {[%emt 0:00:00]} 2. c4 {[%emt 0:00:00]} e6 {[%emt 0:00:00]} 3. Nf3 {[%emt 0:00:00]} b6 {[%emt 0:00:00]} 4. Bf4 {[%emt 0:00:02]} Bb7 {[%emt 0:00:01]} 5. e3 {[%emt 0:00:01]} Nh5 {[%emt 0:00:03]} 6. Nc3 {[%emt 0:00:07]} Nxf4 {[%emt 0:00:05]} 7. exf4 {[%emt 0:00:01]} d5 {[%emt 0:00:05]} 8. cxd5 {[%emt 0:00:04]} Bxd5 {[%emt 0:00:01]} 9. Nxd5 {[%emt 0:00:05]} Qxd5 {[%emt 0:00:08]} 10. Qa4+ {[%emt 0:00:04]} c6 {[%emt 0:00:30]} 11. O-O-O {[%emt 0:00:10]} b5 {[%emt 0:00:12]} 12. Qc2 {[%emt 0:00:20]} Qxa2 {[%emt 0:00:13]} 13. Ne5 {[%emt 0:00:17]} Qa1+ {[%emt 0:00:08]} 14. Kd2 {[%emt 0:00:11]} Qa5+ {[%emt 0:00:01]} 15. Ke3 {[%emt 0:00:02]} Bd6 {[%emt 0:00:10]} 16. Nxc6 {[%emt 0:00:07]} Qb6 {[%emt 0:00:26]} 17. Ne5 {[%emt 0:00:04]} O-O {[%emt 0:00:18]} 18. Bd3 {[%emt 0:00:03]} Bxe5 {[%emt 0:00:18]} 19. fxe5 {[%emt 0:00:02]} Nc6 {[%emt 0:00:00]} 20. Bxh7+ {[%emt 0:00:06]} Kh8 {[%emt 0:00:01]} 21. Be4 {[%emt 0:00:02]} Rac8 {[%emt 0:00:10]} 22. Bxc6 {[%emt 0:00:17]} Rxc6 {[%emt 0:00:01]} 23. Qe4 {[%emt 0:00:09]} f5 {[%emt 0:00:02]} 24. exf6 {[%emt 0:00:10]} Rxf6 {[%emt 0:00:01]} 25. Rc1 {[%emt 0:00:02]} e5 {[%emt 0:00:05]} 26. Rxc6 {[%emt 0:00:08]} exd4+ {[%emt 0:00:04]} 27. Qxd4 {[%emt 0:00:11]} Qxc6 {[%emt 0:00:01]} 28. f3 {[%emt 0:00:15]} Re6+ {[%emt 0:00:06]} 29. Kf4 {[%emt 0:00:08]} Rf6+ {[%emt 0:00:08]} 30. Ke3 {[%emt 0:00:05]} Re6+ {[%emt 0:00:03]} 31. Kf4 {[%emt 0:00:03]} Rf6+ {[%emt 0:00:10]} 1/2-1/2

[Event "11th LCC Super Blitz KO 2019"]
[Site "London"]
[Date "2019.12.08"]
[Round "1.12"]
[White "Rendle, Thomas E"]
[Black "Zapolskis, Antanas"]
[Result "1-0"]
[WhiteElo "2361"]
[BlackElo "2280"]
[Annotator "NA"]
[PlyCount "45"]
[EventDate "2019.12.08"]
[EventType "k.o."]
[EventCountry "ENG"]
[SourceTitle "playchess.com"]
[Source "ChessBase"]
[SourceQuality "1"]
[TimeControl "180+2"]

1. e4 {[%emt 0:00:00]} c5 {[%emt 0:00:00]} 2. Nc3 {[%emt 0:00:01]} Nc6 {[%emt 0:00:01]} 3. Bb5 {[%emt 0:00:02]} Na5 {[%emt 0:00:10]} 4. f4 {[%emt 0:00:28]} a6 {[%emt 0:00:01]} 5. Be2 {[%emt 0:00:02]} d6 {[%emt 0:00:25]} 6. Nf3 {[%emt 0:00:01]} Nf6 {[%emt 0:00:07]} 7. d4 {[%emt 0:00:16]} cxd4 {[%emt 0:00:07]} 8. Nxd4 {[%emt 0:00:02]} Qc7 {[%emt 0:00:06]} 9. O-O {[%emt 0:00:05]} e6 {[%emt 0:00:11]} 10. Be3 {[%emt 0:00:15]} b5 {[%emt 0:00:08]} 11. f5 {[%emt 0:00:42]} e5 {[%emt 0:00:04]} 12. Nb3 {[%emt 0:00:07]} Nc4 {[%emt 0:00:12]} 13. Bg5 {[%emt 0:00:01]} Nxb2 {[%emt 0:00:21]} 14. Qe1 {[%emt 0:00:06]} b4 {[%emt 0:00:11]} 15. Bxf6 {[%emt 0:00:16]} Qxc3 {[%emt 0:00:16]} 16. Bh4 {[%emt 0:00:09]} Bb7 {[%emt 0:00:09]} 17. a3 {[%emt 0:00:21]} Qe3+ {[%emt 0:00:26]} 18. Qf2 {[%emt 0:00:19]} Qxf2+ {[%emt 0:00:10]} 19. Bxf2 {[%emt 0:00:02]} bxa3 {[%emt 0:00:10]} 20. Rxa3 {[%emt 0:00:01]} d5 {[%emt 0:00:16]} 21. Ra2 {[%emt 0:00:01]} Nc4 {[%emt 0:00:02]} 22. exd5 {[%emt 0:00:04]} Bxd5 {[%emt 0:00:04]} 23. Rd1 {[%emt 0:00:01]} 1-0

[Event "11th LCC Super Blitz KO 2019"]
[Site "London"]
[Date "2019.12.08"]
[Round "1.13"]
[White "Gordon, Stephen J"]
[Black "Jones, Gawain C B"]
[Result "0-1"]
[WhiteElo "2495"]
[BlackElo "2683"]
[Annotator "TA"]
[PlyCount "58"]
[EventDate "2019.12.08"]
[EventType "k.o."]
[EventCountry "ENG"]
[SourceTitle "playchess.com"]
[Source "ChessBase"]
[SourceQuality "1"]

{[%evp 20,100,56,55,56,56,56,41,68,58,64,63,62,63,82,64,67,0,16,-35,-32,-39,-38,-53,-52,-48,0,0,0,0,10,0,0,-7,-8,-28,-6,-45,-50,-55,-36,-47,-23,-34,-29,-80,0,0,0,-28,14,0,0,0,0,0,0,0,0,-170,-83,-71,-79,-110,-107,-115,-77,-156,-148,-335,-332,-365,-343,-366,-347,-438,-434,-458,-426,-428,-427,-481,-474]} 1. Nf3 g6 2. e4 c5 3. c4 Nc6 4. d4 cxd4 5. Nxd4 Nf6 6. Nc3 d6 7. f3 Bg7 8. Be3 O-O 9. Be2 Bd7 10. Qd2 Nxd4 11. Bxd4 Qa5 {B38: Sicilian: Maroczy Bind with 5...Bg7 and 7...0-0} (11... a5 12. b3 Bc6 13. O-O Nd7 14. Be3 Nc5 15. Rab1 e6 16. a3 Be5 17. b4 axb4 18. axb4 Ra3 19. bxc5 Rxc3 20. f4 Bg7 21. e5 dxe5 22. Qxc3 exf4 23. Qd2 Qg5 {0-1 (43) Bu,X (2730)-Savchenko,B (2566) Riadh 2017}) 12. O-O Rfc8 13. Rab1 Be6 {White is slightly better.} 14. b3 $146 ({Predecessor:} 14. b4 Qd8 15. Nd5 Bxd5 16. cxd5 Nd7 17. Rfc1 Bxd4+ 18. Qxd4 a5 19. Rxc8 Qxc8 {0-1 (40) Aulia,M (2112)-Kasmiran (2369) Jakarta 2011}) 14... Nd7 15. Bxg7 Kxg7 16. f4 Nf6 17. Bf3 Rab8 18. Rbd1 (18. a4 $14) 18... a6 $1 $11 19. Nd5 ({Better is} 19. Qd4 $11) 19... Qxd2 $15 20. Rxd2 Bxd5 $1 21. exd5 b5 22. Be2 b4 23. Re1 Rc7 24. g4 Nd7 25. h4 a5 26. h5 Nc5 27. Bd1 Ra8 28. a4 bxa3 {...a4 is the strong threat.} 29. Ra2 $1 gxh5 {Played: Nc5-d3} 0-1

[Event "11th LCC Super Blitz KO 2019"]
[Site "London"]
[Date "2019.12.08"]
[Round "1.14"]
[White "Aravindh, Chithambaram VR."]
[Black "Adams, Michael"]
[Result "1/2-1/2"]
[WhiteElo "2605"]
[BlackElo "2701"]
[Annotator "TA"]
[PlyCount "80"]
[EventDate "2019.12.08"]
[EventType "k.o."]
[EventCountry "ENG"]
[SourceTitle "playchess.com"]
[Source "ChessBase"]
[SourceQuality "1"]

{[%evp 11,80,8,20,16,34,11,12,14,18,6,11,4,8,16,10,0,4,-6,-6,-5,-6,-33,-4,-8,-4,-15,0,-9,0,0,0,0,0,0,0,0,30,24,40,30,43,0,0,0,16,22,70,0,25,0,0,0,0,0,0,0,0,0,0,0,0,0,0,0,0,0,0,0,0,0,0]} 1. d4 Nf6 2. Nf3 e6 3. c4 d5 4. Nc3 Be7 5. Bg5 h6 6. Bh4 dxc4 7. e3 {D53: Queen's Gambit Declined: 4 Bg5 Be7: Early deviations} c5 8. dxc5 Qxd1+ 9. Rxd1 Nbd7 10. c6 bxc6 11. Bxc4 Rb8 12. Rd2 $146 ({Predecessor:} 12. Na4 Nb6 13. Nxb6 Rxb6 14. b3 Bb4+ {½-½ (59) Wang,H (2722)-Anand,V (2771) Douglas 2018}) 12... Nd5 13. Bxe7 Kxe7 14. Na4 N5b6 15. Nxb6 axb6 16. Ke2 Bb7 17. Rhd1 Rhd8 18. b4 Ra8 19. Ne1 c5 20. Bb5 {[%cal Rd2d7]} Nf6 21. Rxd8 Rxd8 22. Rxd8 Kxd8 23. bxc5 bxc5 $11 {[%mdl 4096] Endgame KBN-KBN} 24. f3 Kc7 25. Kd2 Kb6 26. Bc4 Bd5 27. Kc3 Bxc4 28. Kxc4 {KN-KN} Nd5 29. Nc2 (29. e4 $1 $14 Ne3+ 30. Kd3) 29... Kc6 30. g3 f5 {The position is equal.} 31. a4 Nb6+ 32. Kb3 Nd5 33. Kc4 Nb6+ 34. Kb3 Nd5 35. h3 g6 36. Kc4 Nb6+ 37. Kb3 Nd5 38. Kc4 Nb6+ 39. Kb3 Nd5 40. Kc4 Nb6+ {Accuracy: White = 52%, Black = 61%.} 1/2-1/2

[Event "11th LCC Super Blitz KO 2019"]
[Site "London"]
[Date "2019.12.08"]
[Round "1.15"]
[White "Gormally, Daniel W"]
[Black "Kvetny, Mark"]
[Result "1-0"]
[WhiteElo "2497"]
[BlackElo "2420"]
[Annotator "ChessBase"]
[PlyCount "41"]
[EventDate "2019.12.08"]
[EventType "k.o."]
[EventCountry "ENG"]
[SourceTitle "playchess.com"]
[Source "ChessBase"]
[SourceQuality "1"]
[TimeControl "180+2"]

1. d4 {[%emt 0:00:00]} d5 {[%emt 0:00:00]} 2. c4 {[%emt 0:00:00]} dxc4 {[%emt 0:00:00]} 3. Nf3 {[%emt 0:00:02]} a6 {[%emt 0:00:03]} 4. e4 {[%emt 0:00:03]} b5 {[%emt 0:00:03]} 5. a4 {[%emt 0:00:01]} Bb7 {[%emt 0:00:01]} 6. axb5 {[%emt 0:00:05]} axb5 {[%emt 0:00:01]} 7. Rxa8 {[%emt 0:00:02]} Bxa8 {[%emt 0:00:02]} 8. Nc3 {[%emt 0:00:00]} Nf6 {[%emt 0:00:28]} 9. e5 {[%emt 0:00:07]} Nd5 {[%emt 0:00:00]} 10. e6 {[%emt 0:00:01]} fxe6 {[%emt 0:00:32]} 11. Nxb5 {[%emt 0:00:01]} Nb6 {[%emt 0:00:17]} 12. Nc3 {[%emt 0:00:33]} g6 {[%emt 0:00:07]} 13. Be2 {[%emt 0:00:10]} Bg7 {[%emt 0:00:02]} 14. O-O {[%emt 0:00:01]} O-O {[%emt 0:00:19]} 15. Ng5 {[%emt 0:00:01]} Bd5 {[%emt 0:00:13]} 16. Bg4 {[%emt 0:00:03]} Qd6 {[%emt 0:00:26]} 17. Nxd5 {[%emt 0:00:20]} exd5 {[%emt 0:00:01]} 18. Be6+ {[%emt 0:00:01]} Kh8 {[%emt 0:00:01]} 19. Qg4 {[%emt 0:00:02]} Bf6 {[%emt 0:00:44]} 20. Nxh7 {[%emt 0:00:12]} N8d7 {[%emt 0:00:16]} 21. Qh3 {[%emt 0:00:18]} 1-0